[Event "Oberliga Ost A 2018 2019"]
[Site "?"]
[Date "2019.04.07"]
[Round "11.4"]
[White "Collini, Carsten"]
[Black "Niering, Martin"]
[Result "1/2-1/2"]
[WhiteElo "2109"]
[BlackElo "2227"]
[PlyCount "71"]
[EventDate "2018.10.21"]
[EventType "team-tourn"]
[EventCountry "GER"]
[WhiteTeam "Leipzig VfB Schach"]
[BlackTeam "Magdeburg SV Rochade"]
[WhiteTeamCountry "GER"]
[BlackTeamCountry "GER"]

1. e4 d5 2. exd5 Qxd5 3. Nc3 Qd8 4. d4 Nf6 5. Nf3 g6 6. Bc4 Bg7 7. O-O O-O 8.
Ne5 Nfd7 9. f4 Nxe5 10. dxe5 Qxd1 11. Rxd1 Bg4 12. Ne2 Nc6 13. h3 Bf5 14. Be3
Bxc2 15. Rd2 Bf5 16. g4 Be6 17. Bxe6 fxe6 18. Rd7 Rac8 19. h4 Rfd8 20. Rad1
Rxd7 21. Rxd7 Kf7 22. Kg2 h6 23. g5 hxg5 24. hxg5 Nb4 25. Nc3 Nd5 26. Nxd5 exd5
27. Rxd5 a6 28. Kf3 Ke8 29. Ke4 e6 30. Rd2 Rd8 31. Rc2 Rd7 32. Rh2 Rd5 33. b3
Kf7 34. Rc2 c6 35. Bc5 Bf8 36. Bxf8 1/2-1/2

[Event "Oberliga Ost A 2018 2019"]
[Site "?"]
[Date "2019.04.07"]
[Round "11.5"]
[White "Stolz, Mike"]
[Black "Just, Wolfgang"]
[Result "1-0"]
[WhiteElo "2307"]
[BlackElo "2118"]
[PlyCount "71"]
[EventDate "2018.10.21"]
[EventType "team-tourn"]
[EventCountry "GER"]
[WhiteTeam "Magdeburg SV Rochade"]
[BlackTeam "Leipzig VfB Schach"]
[WhiteTeamCountry "GER"]
[BlackTeamCountry "GER"]

1. c4 e6 2. e4 d5 3. exd5 exd5 4. d4 Nf6 5. Nc3 Bb4 6. Nf3 O-O 7. Be3 Nc6 8.
Bd3 dxc4 9. Bxc4 Bg4 10. O-O Qd7 11. a3 Bd6 12. h3 Bh5 13. Re1 Rad8 14. Bf1
Rfe8 15. b4 Bf8 16. g4 Bg6 17. b5 Na5 18. Ne5 Qc8 19. Qa4 b6 20. Bg2 Nd7 21.
Nc6 Nxc6 22. Bxc6 f5 23. g5 Bd6 24. f4 Bf7 25. Qc2 Re7 26. Qxf5 Nf8 27. Qxc8
Rxc8 28. Nd5 Bxd5 29. Bxd5+ Kh8 30. f5 Nd7 31. Bd2 Rce8 32. Be6 Nf8 33. d5 Bc5+
34. Kg2 Nxe6 35. dxe6 Bd4 36. Rad1 1-0

[Event "Oberliga Ost A 2018 2019"]
[Site "?"]
[Date "2019.04.07"]
[Round "11.6"]
[White "Mader, Joerg"]
[Black "Waechter, Nathalie"]
[Result "1/2-1/2"]
[WhiteElo "2094"]
[BlackElo "2027"]
[PlyCount "53"]
[EventDate "2018.10.21"]
[EventType "team-tourn"]
[EventCountry "GER"]
[WhiteTeam "Leipzig VfB Schach"]
[BlackTeam "Magdeburg SV Rochade"]
[WhiteTeamCountry "GER"]
[BlackTeamCountry "GER"]

1. d4 d5 2. c4 e6 3. Nf3 Nf6 4. Bg5 Be7 5. e3 O-O 6. Nc3 Nbd7 7. Rc1 c6 8. a3
Ne4 9. Bxe7 Qxe7 10. Bd3 f5 11. O-O e5 12. dxe5 Nxe5 13. Nxe5 Qxe5 14. cxd5
Nxc3 15. Rxc3 cxd5 16. Bb5 f4 17. Qd4 Qg5 18. exf4 Rxf4 19. Qe3 Bg4 20. g3 d4
21. gxf4 Qg6 22. Bd3 Bf5+ 23. Qg3 dxc3 24. Bxf5 Qxf5 25. bxc3 Rd8 26. Qg5 Rd5
27. Qxf5 1/2-1/2